| 000 | 00480cam a2200181ua 4500 | ||
|---|---|---|---|
| 020 | _c24.00 | ||
| 082 |
_a516.05 _bSCH/PL |
||
| 100 | _aSchnell, Lerog . | ||
| 245 |
_aPlane geometry : A clear thinking approach / _cLerog H Schnell. _hTextual Documents |
||
| 250 |
_a3 / _b. |
||
| 260 |
_aNew York : _bMcGraw Hill Book Company , _c1953. |
||
| 300 | _a436 ; . | ||
| 365 | _a24.00 | ||
| 504 | _a | ||
| 700 | 1 | _aCrawford, Mildred G. | |
| 942 | _cBK | ||
| 999 |
_c2910 _d2910 |
||